[Event "Cseppko op-A 10th"]
[Site "Aggtelek"]
[Date "2001.07.18"]
[Round "3"]
[White "Blasko, Istvan"]
[Black "Grechanovskaya, Elena"]
[Result "1-0"]
[WhiteElo "2316"]
[BlackElo "2151"]
[PlyCount "83"]
[EventDate "2001.07.16"]
[EventType "swiss"]
[EventRounds "9"]
[EventCountry "HUN"]
[SourceTitle "EXT 2004"]
[Source "ChessBase"]
[SourceDate "2003.11.25"]
[SourceVersion "1"]
[SourceVersionDate "2003.11.25"]
[SourceQuality "1"]

1. d4 d6 2. c4 e5 3. d5 f5 4. Nc3 Nf6 5. Nf3 Be7 6. Qa4+ c6 7. g3 0-0 8. Bg2 Qe8 9. Qc2 Na6 10. 0-0 Nc7 11. dxc6 bxc6 12. c5 e4 13. cxd6 Bxd6 14. Nd4 Ncd5 15. Bg5 h6 16. Bxf6 Rxf6 17. Rad1 Nxc3 18. Qxc3 Be5 19. Qc4+ Kh8 20. b3 Bb7 21. Nc2 Rd8 22. Rxd8 Qxd8 23. Qc5 Bb8 24. Ne3 Qd6 25. Qc2 c5 26. Rd1 Qc7 27. Nd5 Bxd5 28. Rxd5 Qe7 29. Rxc5 Be5 30. b4 Bd6 31. Rc8+ Rf8 32. b5 Qd7 33. Rxf8+ Bxf8 34. a4 Be7 35. e3 Bd8 36. Bf1 Bb6 37. Qc3 Qc7 38. Qb3 Qc1 39. Kg2 Qc5 40. Qf7 Qe5 41. Bc4 Kh7 42. Be6 1-0

[Event "Nyiregyhaza op"]
[Site "Nyiregyhaza"]
[Date "2001.07.15"]
[Round "9"]
[White "Grechanovskaya, Elena"]
[Black "Rat, Dan Ovidiu"]
[Result "1/2-1/2"]
[WhiteElo "2151"]
[BlackElo "2241"]
[PlyCount "40"]
[EventDate "2001.07.07"]
[EventType "swiss"]
[EventRounds "9"]
[EventCountry "HUN"]
[SourceTitle "EXT 2008"]
[Source "ChessBase"]
[SourceDate "2007.11.25"]
[SourceVersion "1"]
[SourceVersionDate "2007.11.25"]
[SourceQuality "1"]

1. Nf3 Nf6 2. c4 c5 3. Nc3 d5 4. cxd5 Nxd5 5. d4 Nxc3 6. bxc3 g6 7. e4 Bg7 8. Bb5+ Bd7 9. Bc4 0-0 10. Be3 Nc6 11. h3 Na5 12. Be2 Bc6 13. Bd3 Qd7 14. 0-0 Bb5 15. Rb1 Bxd3 16. Qxd3 cxd4 17. cxd4 Rfc8 18. Rfc1 Qa4 19. Qe2 b6 20. Qa6 Qd7 1/2-1/2

[Event "Nyiregyhaza op"]
[Site "Nyiregyhaza"]
[Date "2001.07.11"]
[Round "5"]
[White "Kiss, Balazs"]
[Black "Grechanovskaya, Elena"]
[Result "1/2-1/2"]
[WhiteElo "2065"]
[BlackElo "2151"]
[PlyCount "112"]
[EventDate "2001.07.07"]
[EventType "swiss"]
[EventRounds "9"]
[EventCountry "HUN"]
[SourceTitle "EXT 2008"]
[Source "ChessBase"]
[SourceDate "2007.11.25"]
[SourceVersion "1"]
[SourceVersionDate "2007.11.25"]
[SourceQuality "1"]

1. d4 d6 2. Bg5 c5 3. dxc5 Qa5+ 4. c3 Qxc5 5. Nf3 Nc6 6. e3 g6 7. Bf4 Qb6 8. Qb3 Qc7 9. Be2 Be6 10. Qd1 Bg7 11. 0-0 Nf6 12. Nd4 Nxd4 13. cxd4 0-0 14. Nc3 Nd5 15. Nxd5 Bxd5 16. a3 Rfc8 17. Rc1 Qa5 18. Bd3 e5 19. dxe5 dxe5 20. Rxc8+ Rxc8 21. e4 exf4 22. exd5 Qxd5 23. Qe2 Qb3 24. Rb1 Bd4 25. h3 Rc6 26. Qe8+ Kg7 27. Qe2 f3 28. gxf3 Re6 29. Qd2 Qb6 30. b3 Re5 31. Bc4 Rh5 32. Kg2 Qf6 33. Qe2 Qf5 34. Rh1 Rg5+ 35. Kf1 Qb1+ 36. Qe1 Qb2 37. a4 Bc3 38. Qd1 Bd4 39. Be2 Re5 40. h4 Rh5 41. Qd3 Rc5 42. Kg2 Rc2 43. Rb1 Qxb1 44. Qxd4+ f6 45. Qd7+ Kh6 46. Qe7 Rxe2 47. Qxe2 Qxb3 48. Qe7 Qb6 49. Kg3 Qd4 50. Qxb7 Qxa4 51. Qe7 Qd4 52. f4 a5 53. Qf8+ Kh5 54. Qe7 Qc3+ 55. f3 Kh6 56. Qf8+ Kh5 1/2-1/2

[Event "Bad Zwesten op 5th"]
[Site "Bad Zwesten"]
[Date "2001.01.04"]
[Round "5"]
[White "Solonar, Stefan"]
[Black "Grechanovskaya, Elena"]
[Result "1/2-1/2"]
[WhiteElo "2333"]
[BlackElo "2138"]
[PlyCount "87"]
[EventDate "2001.01.02"]
[EventType "swiss"]
[EventRounds "7"]
[EventCountry "GER"]
[SourceTitle "EXT 2002"]
[Source "ChessBase"]
[SourceDate "2001.11.25"]
[SourceVersion "1"]
[SourceVersionDate "2001.11.25"]
[SourceQuality "1"]

1. c4 c5 2. Nf3 g6 3. e4 Bg7 4. d4 cxd4 5. Nxd4 Qb6 6. Nb3 d6 7. Be2 Nc6 8. 0-0 Nf6 9. Nc3 0-0 10. Be3 Qd8 11. f3 Be6 12. Rc1 Na5 13. Nxa5 Qxa5 14. Qd2 Rfc8 15. b3 Nd7 16. Rfd1 a6 17. Bh6 Bxh6 18. Qxh6 b5 19. f4 Nf6 20. e5 dxe5 21. fxe5 Nd7 22. Ne4 Nf8 23. Nf6+ Kh8 24. Bf3 Rab8 25. c5 b4 26. Rd4 Rxc5 27. Rcd1 Rxe5 28. Nxh7 Nxh7 29. Rh4 Qc5+ 30. Kh1 Rh5 31. Bxh5 gxh5 32. Rhd4 Rg8 33. Rd8 f6 34. Qg6 Nf8 35. Qh6+ Nh7 36. Rxg8+ Bxg8 37. Qg6 Qe5 38. h3 Nf8 39. Qh6+ Nh7 40. Qd2 Ng5 41. h4 Nh7 42. Qxb4 Bd5 43. Qd4 e6 44. Qf2 1/2-1/2

[Event "Kiev-ch"]
[Site "Kiev"]
[Date "2000.??.??"]
[Round "?"]
[White "Grechanovskaya, Elena"]
[Black "Burakovsky, Marat"]
[Result "1/2-1/2"]
[WhiteElo "2203"]
[BlackElo "2052"]
[PlyCount "26"]
[EventDate "2000.??.??"]
[EventType "swiss"]
[EventRounds "11"]
[EventCountry "UKR"]
[SourceTitle "EXT 2001"]
[Source "ChessBase"]
[SourceDate "2000.11.22"]
[SourceVersion "1"]
[SourceVersionDate "2000.11.22"]
[SourceQuality "1"]

1. d4 d5 2. c4 e6 3. Nf3 Nf6 4. Bg5 Be7 5. e3 0-0 6. Nc3 h6 7. Bh4 b6 8. cxd5 Nxd5 9. Bxe7 Nxe7 10. Rc1 Nd7 11. Be2 c5 12. 0-0 Bb7 13. dxc5 Nxc5 1/2-1/2

[Event "Bucharest-B (Women)"]
[Site "Bucharest"]
[Date "2000.??.??"]
[Round "7"]
[White "Grechanovskaya, Elena"]
[Black "Calotescu, Ana Cristina"]
[Result "0-1"]
[WhiteElo "2203"]
[BlackElo "2176"]
[PlyCount "118"]
[EventDate "2000.03.??"]
[EventType "tourn"]
[EventRounds "11"]
[EventCountry "ROU"]
[SourceTitle "EXT 2001"]
[Source "ChessBase"]
[SourceDate "2000.11.22"]
[SourceVersion "1"]
[SourceVersionDate "2000.11.22"]
[SourceQuality "1"]

1. Nf3 Nf6 2. c4 g6 3. Nc3 Bg7 4. e4 d6 5. d4 0-0 6. Be2 e5 7. 0-0 exd4 8. Nxd4 Re8 9. f3 Nc6 10. Be3 Nh5 11. Qd2 Nxd4 12. Bxd4 Nf4 13. Be3 Bxc3 14. bxc3 Nxe2+ 15. Qxe2 f5 16. exf5 Bxf5 17. Qd2 b6 18. Bg5 Qd7 19. Rad1 Qf7 20. Qf4 Re2 21. Rf2 Rae8 22. g4 Re1+ 23. Rf1 Rxf1+ 24. Kxf1 Qe6 25. Kg1 Bc2 26. Rd2 Qe1+ 27. Kg2 Bd3 28. Rf2 Qxc3 29. Bf6 Qxc4 30. Qh6 Qf7 31. Bb2 Re2 32. Rxe2 Bxe2 33. Qe3 Bc4 34. Qd4 Kf8 35. g5 Ke7 36. Qh8 Kd7 37. Bf6 Qg8 38. a3 Qxh8 39. Bxh8 c5 40. Kf2 Ke6 41. Ke3 Kf5 42. Bf6 d5 43. Bd8 d4+ 44. Kf2 Bd5 45. Bc7 c4 46. Ke2 d3+ 47. Ke3 Kxg5 48. Bb8 a6 49. Bc7 b5 50. Bg3 Kf5 51. Be1 g5 52. Bb4 Bf7 53. Ba5 g4 54. fxg4+ Kxg4 55. Bc7 Kh3 56. Kd2 a5 57. Kc3 b4+ 58. axb4 axb4+ 59. Kd2 Bg6 0-1

[Event "Kiev-ch"]
[Site "Kiev"]
[Date "2000.??.??"]
[Round "?"]
[White "Grechanovskaya, Elena"]
[Black "Iaresko, Aleksander"]
[Result "1-0"]
[WhiteElo "2203"]
[BlackElo "2195"]
[PlyCount "61"]
[EventDate "2000.??.??"]
[EventType "swiss"]
[EventRounds "11"]
[EventCountry "UKR"]
[SourceTitle "EXT 2001"]
[Source "ChessBase"]
[SourceDate "2000.11.22"]
[SourceVersion "1"]
[SourceVersionDate "2000.11.22"]
[SourceQuality "1"]

1. d4 f5 2. Nc3 Nf6 3. Bg5 e6 4. e4 fxe4 5. Nxe4 Be7 6. Bxf6 Bxf6 7. Qh5+ g6 8. Qh6 d5 9. Nxf6+ Qxf6 10. Nf3 Nc6 11. Bb5 Bd7 12. Bxc6 Bxc6 13. 0-0 0-0-0 14. a4 Rdf8 15. Ne5 Qf4 16. Qh3 Bd7 17. c4 dxc4 18. Nxd7 Kxd7 19. d5 Rf5 20. dxe6+ Kc6 21. Qc3 Re8 22. Rad1 Rc5 23. Rd4 Qf5 24. Rxc4 Rxe6 25. Rc1 Rxc4 26. Qxc4+ Kb6 27. a5+ Kxa5 28. Qa2+ Kb6 29. Qb3+ Qb5 30. Qxe6+ c6 31. Qe3+ 1-0

[Event "Bucharest-A (Women)"]
[Site "Bucharest"]
[Date "2000.??.??"]
[Round "3"]
[White "Grechanovskaya, Elena"]
[Black "Ionica, Iulia Ionela"]
[Result "1/2-1/2"]
[WhiteElo "2203"]
[BlackElo "2196"]
[PlyCount "37"]
[EventDate "2000.03.??"]
[EventType "tourn"]
[EventRounds "12"]
[EventCountry "ROU"]
[SourceTitle "EXT 2001"]
[Source "ChessBase"]
[SourceDate "2000.11.22"]
[SourceVersion "1"]
[SourceVersionDate "2000.11.22"]
[SourceQuality "1"]

1. Nf3 Nf6 2. c4 g6 3. Nc3 Bg7 4. g3 0-0 5. Bg2 d6 6. 0-0 Nc6 7. d3 e5 8. Rb1 a5 9. a3 Bd7 10. b4 axb4 11. axb4 Qc8 12. b5 Nd4 13. Nxd4 exd4 14. Nd5 Nxd5 15. cxd5 Ra2 16. Bf3 Bg4 17. Bb2 Qf5 18. Bxg4 Qxg4 19. e4 1/2-1/2

[Event "Bucharest-A (Women)"]
[Site "Bucharest"]
[Date "2000.??.??"]
[Round "9"]
[White "Grechanovskaya, Elena"]
[Black "Petrenko, Svetlana"]
[Result "0-1"]
[WhiteElo "2203"]
[BlackElo "2348"]
[PlyCount "105"]
[EventDate "2000.03.??"]
[EventType "tourn"]
[EventRounds "12"]
[EventCountry "ROU"]
[SourceTitle "EXT 2001"]
[Source "ChessBase"]
[SourceDate "2000.11.22"]
[SourceVersion "1"]
[SourceVersionDate "2000.11.22"]
[SourceQuality "1"]

1. d4 Nf6 2. Nf3 b5 3. e3 a6 4. Be2 Bb7 5. 0-0 e6 6. a4 b4 7. a5 d5 8. c3 Nc6 9. Nbd2 Be7 10. Qc2 0-0 11. c4 dxc4 12. Bxc4 Na7 13. Nb3 Nd7 14. Bd3 h6 15. Bd2 Rb8 16. Rfc1 Bd6 17. Be4 Bd5 18. Bxd5 exd5 19. Nc5 Qc8 20. Ne1 Bxc5 21. dxc5 Ne5 22. Ra4 Nac6 23. b3 Rb5 24. Nd3 Nxd3 25. Qxd3 Qe6 26. Be1 Re8 27. h3 Qe4 28. Rd1 Qxd3 29. Rxd3 Rxc5 30. Bxb4 Nxb4 31. Rxb4 Rxa5 32. Rc3 c5 33. Rb6 Rc8 34. b4 Ra1+ 35. Kh2 c4 36. Rd6 Ra4 37. Rxd5 Rxb4 38. Ra5 Rc6 39. Rca3 Rbb6 40. Rc3 Rb3 41. Rc2 c3 42. Raa2 Kf8 43. Kg3 Ke7 44. Kf3 Kd6 45. e4 Kc5 46. Ke3 Kb4 47. e5 a5 48. f4 a4 49. Rc1 a3 50. Rac2 Rb2 51. f5 Kb3 52. Kd3 Rxc2 53. Rxc2 0-1

[Event "Kiev-ch"]
[Site "Kiev"]
[Date "2000.??.??"]
[Round "?"]
[White "Grechanovskaya, Elena"]
[Black "Semenova, Lidia K"]
[Result "1/2-1/2"]
[WhiteElo "2203"]
[BlackElo "2319"]
[PlyCount "115"]
[EventDate "2000.??.??"]
[EventType "swiss"]
[EventRounds "11"]
[EventCountry "UKR"]
[SourceTitle "EXT 2001"]
[Source "ChessBase"]
[SourceDate "2000.11.22"]
[SourceVersion "1"]
[SourceVersionDate "2000.11.22"]
[SourceQuality "1"]

1. Nf3 d5 2. d4 c6 3. c4 Nf6 4. Nc3 a6 5. Ne5 dxc4 6. Nxc4 b5 7. Ne5 e6 8. Bf4 Bb7 9. e3 c5 10. Nxb5 axb5 11. Bxb5+ Nbd7 12. 0-0 c4 13. Nxc4 Be7 14. Ne5 0-0 15. Nc6 Bxc6 16. Bxc6 Ra6 17. Bb5 Ra5 18. Qe2 Qb6 19. a4 Bd6 20. Bxd6 Qxd6 21. Rfc1 Nd5 22. Rc6 Qb8 23. Qd2 Ra7 24. Rac1 h6 25. R6c2 N7f6 26. f3 Rd8 27. Kh1 Nc7 28. Bc6 Nfd5 29. Rc4 Ne7 30. Rb4 Qc8 31. Bb5 Qa8 32. b3 Ned5 33. Bc6 Qc8 34. Rbc4 Nb6 35. Rc5 Qa6 36. e4 Nd7 37. R5c2 Qb6 38. b4 Nf6 39. Rc4 e5 40. d5 Ne6 41. a5 Qb8 42. Ba4 Nd4 43. b5 Ne8 44. b6 Ra6 45. Rc5 Nd6 46. Qd3 Ra8 47. Bc6 Nb7 48. Bxb7 Qxb7 49. Rc7 Qb8 50. b7 Rxa5 51. Rc8 Qxb7 52. Rxd8+ Kh7 53. h3 Qe7 54. Rdc8 Ra2 55. f4 Qh4 56. R8c2 Nxc2 57. Rxc2 Ra1+ 58. Kh2 1/2-1/2

[Event "Bucharest-A (Women)"]
[Site "Bucharest"]
[Date "2000.??.??"]
[Round "4"]
[White "Hamdouchi, Adina Maria"]
[Black "Grechanovskaya, Elena"]
[Result "1-0"]
[WhiteElo "2235"]
[BlackElo "2203"]
[PlyCount "61"]
[EventDate "2000.03.??"]
[EventType "tourn"]
[EventRounds "12"]
[EventCountry "ROU"]
[SourceTitle "EXT 2001"]
[Source "ChessBase"]
[SourceDate "2000.11.22"]
[SourceVersion "1"]
[SourceVersionDate "2000.11.22"]
[SourceQuality "1"]

1. Nf3 Nf6 2. b3 g6 3. Bb2 Bg7 4. g3 c5 5. Bg2 0-0 6. c4 d6 7. d4 cxd4 8. Nxd4 a6 9. 0-0 Qc7 10. Nc3 Nc6 11. Rc1 Nxd4 12. Qxd4 Be6 13. Qd2 Rfc8 14. e4 Nd7 15. f4 Qb6+ 16. Kh1 Nf6 17. Na4 Qa7 18. Rce1 Ne8 19. Nc3 b5 20. f5 Bd7 21. Nd5 Bc6 22. e5 gxf5 23. exd6 Bxd5 24. Bxd5 Bxb2 25. Rxe7 Qd4 26. Qxd4 Bxd4 27. d7 Nd6 28. dxc8Q+ Rxc8 29. Rd7 Bc5 30. cxb5 axb5 31. Rc1 1-0

[Event "Bucharest-B (Women)"]
[Site "Bucharest"]
[Date "2000.??.??"]
[Round "10"]
[White "Voicu Jagodzinsky, Carmen"]
[Black "Grechanovskaya, Elena"]
[Result "1-0"]
[WhiteElo "2195"]
[BlackElo "2203"]
[PlyCount "67"]
[EventDate "2000.03.??"]
[EventType "tourn"]
[EventRounds "11"]
[EventCountry "ROU"]
[SourceTitle "EXT 2001"]
[Source "ChessBase"]
[SourceDate "2000.11.22"]
[SourceVersion "1"]
[SourceVersionDate "2000.11.22"]
[SourceQuality "1"]

1. e4 c5 2. Nf3 e6 3. d4 cxd4 4. Nxd4 Nf6 5. Nc3 Nc6 6. Ndb5 d6 7. Bf4 e5 8. Bg5 a6 9. Na3 b5 10. Nd5 Be7 11. Bxf6 Bxf6 12. c3 0-0 13. Nc2 Bg5 14. a4 bxa4 15. Rxa4 a5 16. Bc4 Rb8 17. b3 Kh8 18. h4 Bh6 19. g4 Bf4 20. Nce3 Be6 21. Nf5 Qd7 22. h5 Bg5 23. Qd3 g6 24. Nh4 Bxh4 25. Rxh4 Qd8 26. Qg3 Qg5 27. Kf1 Kg7 28. Kg2 f6 29. Nc7 Bxc4 30. bxc4 Nd8 31. Rxa5 Rb7 32. Nb5 Qd2 33. hxg6 hxg6 34. Qh3 1-0

[Event "Kiev-ch"]
[Site "Kiev"]
[Date "2000.??.??"]
[Round "?"]
[White "Wassin, Sergej"]
[Black "Grechanovskaya, Elena"]
[Result "1-0"]
[WhiteElo "2212"]
[BlackElo "2203"]
[PlyCount "91"]
[EventDate "2000.??.??"]
[EventType "swiss"]
[EventRounds "11"]
[EventCountry "UKR"]
[SourceTitle "EXT 2001"]
[Source "ChessBase"]
[SourceDate "2000.11.22"]
[SourceVersion "1"]
[SourceVersionDate "2000.11.22"]
[SourceQuality "1"]

1. d4 d6 2. Nf3 Bg4 3. g3 Bxf3 4. exf3 e6 5. Bg2 d5 6. 0-0 Nf6 7. c4 c6 8. Qb3 Qb6 9. c5 Qxb3 10. axb3 Nbd7 11. f4 Be7 12. Re1 g6 13. Nd2 0-0 14. Nf3 Rfd8 15. Ne5 Ne8 16. Bd2 Bf6 17. Ra4 Nf8 18. g4 Nc7 19. f5 exf5 20. gxf5 Nb5 21. Bh3 Re8 22. f4 Bg7 23. Be3 f6 24. Nf3 Re4 25. Raa1 Rae8 26. Kf2 Kf7 27. Nd2 R4e7 28. Nf1 Nd7 29. Bg4 Nf8 30. Ng3 Bh6 31. Re2 Kg8 32. h4 Bg7 33. Bf3 a6 34. Rae1 Ra8 35. Kg2 Ree8 36. fxg6 hxg6 37. f5 gxf5 38. Nxf5 Ng6 39. h5 Ne7 40. Bf2 Nxf5 41. Rxe8+ Rxe8 42. Rxe8+ Kh7 43. Rb8 Nfxd4 44. Rxb7 Nxb3 45. Bd1 N3d4 46. Be3 1-0

[Event "Centrocoop June op-B"]
[Site "Eforie Nord"]
[Date "1999.06.??"]
[Round "?"]
[White "Borgovan, Liviu"]
[Black "Grechanovskaya, Elena"]
[Result "0-1"]
[WhiteElo "2114"]
[BlackElo "2165"]
[PlyCount "80"]
[EventDate "1999.06.??"]
[EventType "swiss"]
[EventRounds "11"]
[EventCountry "ROU"]
[SourceTitle "EXT 2004"]
[Source "ChessBase"]
[SourceDate "2003.11.25"]
[SourceVersion "1"]
[SourceVersionDate "2003.11.25"]
[SourceQuality "1"]

1. e4 d6 2. d4 Nf6 3. Nc3 e5 4. Nf3 Nbd7 5. Bc4 Be7 6. Bg5 c6 7. a4 0-0 8. 0-0 Re8 9. Re1 Qc7 10. Bb3 b6 11. Nh4 exd4 12. Qxd4 Nc5 13. Rad1 Bg4 14. Nf3 Rad8 15. Bxf6 Bxf6 16. Qd2 Bxc3 17. Qxc3 Rxe4 18. Ng5 Rxe1+ 19. Rxe1 Nxb3 20. Qxb3 h6 21. Qg3 Bf5 22. Ne4 Bg6 23. f4 d5 24. f5 Qxg3 25. Nxg3 Bh7 26. Re7 g6 27. f6 g5 28. c3 c5 29. Rxa7 Bc2 30. a5 bxa5 31. Rxa5 d4 32. Nf1 d3 33. Nd2 Re8 34. Kf1 Re2 35. Rxc5 Rxd2 36. b4 Re2 37. Rd5 Re6 38. b5 Bb3 39. Rd4 d2 40. Rxd2 Bc4+ 0-1

[Event "Centrocoop June op-B"]
[Site "Eforie Nord"]
[Date "1999.06.??"]
[Round "?"]
[White "Grechanovskaya, Elena"]
[Black "Susterman, Bela"]
[Result "1-0"]
[WhiteElo "2165"]
[BlackElo "2022"]
[PlyCount "85"]
[EventDate "1999.06.??"]
[EventType "swiss"]
[EventRounds "11"]
[EventCountry "ROU"]
[SourceTitle "EXT 2004"]
[Source "ChessBase"]
[SourceDate "2003.11.25"]
[SourceVersion "1"]
[SourceVersionDate "2003.11.25"]
[SourceQuality "1"]

1. Nf3 Nf6 2. c4 e6 3. Nc3 d5 4. d4 Be7 5. Bg5 0-0 6. e3 b6 7. cxd5 exd5 8. Rc1 Nbd7 9. Be2 h6 10. Bh4 Bb7 11. 0-0 Re8 12. Qc2 a6 13. Rfd1 Nf8 14. Ne5 N6d7 15. Bg3 Nxe5 16. Bxe5 Ng6 17. Bg3 Bd6 18. Bf3 Bxg3 19. hxg3 Nf8 20. Qb3 c6 21. Na4 Nd7 22. Bg4 Nf6 23. Bh3 b5 24. Nc5 Bc8 25. Bxc8 Qxc8 26. Nd3 Ng4 27. Qc2 Qf5 28. Nf4 Qxc2 29. Rxc2 g5 30. Nd3 Re6 31. Rdc1 Kg7 32. Rxc6 Rae8 33. Nb4 Nf6 34. Nxa6 Kg6 35. Rxe6 Rxe6 36. Nc7 Rb6 37. Rc5 b4 38. Nxd5 Nxd5 39. Rxd5 Rc6 40. Rb5 Rc4 41. g4 h5 42. gxh5+ Kxh5 43. Rc5 1-0

[Event "Kiev-ch"]
[Site "Kiev"]
[Date "1999.??.??"]
[Round "9"]
[White "Burakovsky, Marat"]
[Black "Grechanovskaya, Elena"]
[Result "0-1"]
[WhiteElo "2066"]
[BlackElo "2168"]
[PlyCount "80"]
[EventDate "1999.02.??"]
[EventType "swiss"]
[EventRounds "11"]
[EventCountry "UKR"]
[SourceTitle "EXT 2000"]
[Source "ChessBase"]
[SourceDate "1999.11.16"]
[SourceVersion "1"]
[SourceVersionDate "1999.11.16"]
[SourceQuality "1"]

1. e4 c5 2. Nc3 Nc6 3. f4 e6 4. g3 g6 5. Bg2 Bg7 6. Nh3 Nge7 7. 0-0 0-0 8. d3 d6 9. g4 f5 10. Nf2 Nd4 11. h3 Rb8 12. Ne2 Nxe2+ 13. Qxe2 b5 14. h4 b4 15. h5 fxg4 16. Nxg4 Nc6 17. Be3 Nd4 18. Qd1 Qh4 19. Nh2 Qxh5 20. Qxh5 gxh5 21. Rac1 Ne2+ 22. Kf2 Nxc1 23. Bxc1 Bb7 24. Ke2 d5 25. e5 c4 26. Bh3 Rbe8 27. Be3 Bh6 28. d4 c3 29. Kf3 Bc6 30. bxc3 bxc3 31. Rb1 Ba4 32. Rc1 Rf7 33. Nf1 Bf8 34. Ng3 Ba3 35. Rg1 Kh8 36. Nxh5 Ree7 37. Nf6 Rg7 38. Rb1 Bb2 39. Nh5 Rgf7 40. Rg1 Bxc2 0-1

[Event "Kiev-ch"]
[Site "Kiev"]
[Date "1999.??.??"]
[Round "8"]
[White "Grechanovskaya, Elena"]
[Black "Maliszewski, Konstantin"]
[Result "1/2-1/2"]
[WhiteElo "2168"]
[BlackElo "2306"]
[PlyCount "37"]
[EventDate "1999.02.??"]
[EventType "swiss"]
[EventRounds "11"]
[EventCountry "UKR"]
[SourceTitle "EXT 2000"]
[Source "ChessBase"]
[SourceDate "1999.11.16"]
[SourceVersion "1"]
[SourceVersionDate "1999.11.16"]
[SourceQuality "1"]

1. Nf3 Nf6 2. c4 g6 3. Nc3 Bg7 4. g3 0-0 5. Bg2 c6 6. 0-0 d5 7. cxd5 cxd5 8. d4 Ne4 9. Nxe4 dxe4 10. Ne5 Nd7 11. Bxe4 Nxe5 12. dxe5 Bh3 13. Re1 Qa5 14. Be3 Bxe5 15. Qd5 Qxd5 16. Bxd5 Rad8 17. Bxb7 Bxb2 18. Rab1 Bc3 19. Red1 1/2-1/2